Szwajcarska imigracja według państw - Statystyki

Ogólne statystyki
  • Ten quiz został rozwiązany 2 009 razy
  • Średni wynik to 14 z 20
Statystyki odpowiedzi
Ludzie Państwo % Poprawnych
327 476 Niemcy
99%
167 130 Francja
98%
47 332 Polska
98%
343 817 Włochy
98%
47 657 Austria
95%
97 560 Hiszpania
95%
38 577 Wielka Brytania
89%
261 661 Portugalia
86%
22 534 Holandia
83%
32 241 Chorwacja
77%
35 841 Rumunia
75%
56 618 Serbia
75%
71 573 Turcja
74%
30 416 Węgry
74%
27 044 Bośnia i Hercegowina
63%
24 166 Brazylia
48%
116 842 Kosowo
48%
70 152 Macedonia Północna
47%
35 780 Erytrea
5%
27 215 Sri Lanka
5%
Nie znaleziono quizów pasujących do podanych kryteriów
Rozkład punktacji
Procent ludzi z każdym wynikiem
Percentyl według liczby udzielonych odpowiedzi
Twoja historia wyników
Nie rozwiązałeś tego quizu